<La> vente intelligente

Salvato in:
Dettagli Bibliografici
Autore principale: Baroen, Jean-Pierre
Natura: Libro
Lingua:francese
Pubblicazione: Liege Editions de la Chambre de Commerce et d'Industrie 1999
Soggetti:
Tags: Aggiungi Tag
Nessun Tag, puoi essere il primo ad aggiungerne!!

MARC

LEADER 00000nam$a2200000$$$4500
001 0112994
005 20221207103903.2
020 |a 2-930287-04-7 
041 0 |a fre 
044 |a BE 
245 1 0 |a <La> vente intelligente  |c Jean-Pierre Baroen 
264 1 |a Liege  |b Editions de la Chambre de Commerce et d'Industrie  |c 1999 
300 |a 458 s. 
610 2 0 |a obchod 
610 2 0 |a predaj 
610 2 0 |a zákazníci 
610 2 0 |a technika predaja 
610 2 0 |a modely 
100 1 |a Baroen, Jean-Pierre